Szczegóły MARC21

Apokryf /

003 -Nazwa inst., której nr kontr. jest w polu 001 [,]
    • @
    • Nazwa instytucji, której n kontrolny jest w polu 001
    • NUKAT
005 -DATA I CZAS OSTATNIEJ MODYFIKACJI [,]
    • @
    • pole kontrolne
    • 20241231085506.0
020 -Międzynarod. znormalizowany nr książki - ISBN [ , ]
    • a
    • Numer ISBN
    • 838687211X Find
040 -Instytucja sporządzająca opis [ , ]
    • a
    • Instytucja, która sporządziła opis (NP)
    • KR 303/DW
    • c
    • Instytucja, która sporządziła rekord (NP)
    • KR 303/DW
    • d
    • Instytucja, która zmodyfikowała rekord (P)
    • KR 303/DW
    • d
    • Instytucja, która zmodyfikowała rekord (P)
    • KR 303/RAMs
    • d
    • Instytucja, która zmodyfikowała rekord (P)
    • KR U/mals
    • d
    • Instytucja, która zmodyfikowała rekord (P)
    • KR 303/TS
041 -Język dokumentu [1, ]
    • a
    • Język tekstu (P)
    • polski
    • h
    • Język tekstu oryginalnego i/lub pośredniego (P)
    • węgierski
942 -Rodzaj dokumentu [ , ]
    • c
    • Rodzaj dokumentu
    • Książka
100 -Hasło główne - nazwa osobowa [1, ]
    • a
    • Nazwa osobowa (NP)
    • Pilinszky, János
    • d
    • Daty biograficzne (NP)
    • (1921-1981).
    • 9
    • KHW
    • 248086
245 -Strefa tytułu i oznaczenia odpowiedzialności [1,0]
    • a
    • Tytuł
    • Apokryf / Find
    • c
    • Pozostałe elementy strefy tytułu i oznaczenia odpowiedzialności (NP)
    • János Pilinszky ; wybrał, przeł. oraz wstępem opatrzył Jerzy Snopek.
260 -Strefa adresu wydawniczego [ , ]
    • a
    • Miejsce wydania (P)
    • Sejny :
    • b
    • Nazwa wydawcy (P)
    • Pogranicze,
    • c
    • Data wydania (P)
    • 1999.
300 -Strefa opisu fizycznego [ , ]
    • a
    • Określenie formy książki i/lub objętość (NP)
    • 147 s. ;
    • c
    • Format (NP)
    • 20 cm.
336 -Typ zawartości [ , ]
    • a
    • Termin opisujący typ zawartości
    • Tekst
    • b
    • Kod określający zawartość
    • txt
    • 2
    • Źródło (terminu i kodu)
    • rdacontent
337 -Typ mediów [ , ]
    • a
    • Tryb odtwarzania
    • Bez urządzenia pośredniczącego
    • b
    • Kod typu mediów
    • n
    • 2
    • Źródło (terminu i kodu)
    • rdamedia
338 -Typ/rodzaj nośnika [ , ]
    • a
    • Hasło opisujące typ nośnika
    • Wolumin
    • b
    • Kod typu nośnika
    • nc
    • 2
    • Źródło (terminu i kodu)
    • rdacarrier
490 -Strefa serii i książki wielotomowej - forma nie do wyszukiwania [1, ]
    • a
    • Tytuł (P)
    • Meridian Find
830 -Hasło dodatkowe serii i opisu książki wielotomowej - tytuł ujednolicony/tytuł [ ,0]
    • a
    • Tytuł ujednolicony/tytuł (NP)
    • Meridian
    • x
    • ISSN
    • 1733-7372
    • 9
    • KHW
    • 63267
080 -Uniwersalna Klasyfikacja Dziesiętna [ , ]
    • a
    • Symbol klasyfikacji
    • 894.511-1
600 -Hasło przedmiotowe w formie nazwy osobowej [1,7]
    • a
    • Nazwa osobowa
    • Pilinszky, János
    • d
    • Daty związane z nazwą
    • (1921-1981)
    • v
    • Określnik formalny
    • biografie.
    • 2
    • Źródło terminu
    • kaba
    • 9
    • KHW
    • 593074
655 -Hasło w funkcji tematu formalnego [ ,7]
    • a
    • Hasło
    • Poezja węgierska
    • v
    • Określnik formy
    • antologie.
    • 2
    • Źródło terminu
    • kaba
    • 9
    • KHW
    • 402197
655 -Hasło w funkcji tematu formalnego [ ,7]
    • a
    • Hasło
    • Poezja węgierska
    • v
    • Określnik formy
    • tłumaczenia polskie.
    • 2
    • Źródło terminu
    • kaba
    • 9
    • KHW
    • 402198
980 -Symbol UKD [ , ]
    • a
    • UKD
    • 894.511-1
700 -Hasło dodatkowe - nazwa osobowa [1, ]
    • a
    • Nazwa osobowa (NP)
    • Snopek, Jerzy Find
    • d
    • Daty biograficzne (NP)
    • (1952- ).
    • e
    • Określenie rodzaju współpracy
    • Tł.
    • 9
    • KHW
    • 21232
920 -ISBN [ , ]
    • a
    • ISBN
    • 83-86-872-11-X Find
Numer inwentarzowy Status udost. Lokalizacja Data inwentaryzacji
JK.1821BG2002-11-18